| 000 | 00497nam a2200157Ia 4500 | ||
|---|---|---|---|
| 003 | SGT | ||
| 020 | _a978935014142851 | ||
| 082 |
_a620.0028 _bRAJ |
||
| 100 | _aRajput.R.K. | ||
| 245 | _aMechanical measurements and instrumentation | ||
| 260 |
_bS.K. Kataria & SONS _aN.Delhi _c2012 |
||
| 300 | _a846p. | ||
| 650 | _aENGINEERING AND ALLIED OPERATIONS | ||
| 653 | _aMECHANICAL ENGINEERING,STATIC AND DYNAMIC CHARACTERISTICS OF INSTRUMENTS OF INSTRUMENTS ERRORS IN MEASUREMENTS | ||
| 942 |
_2ddc _cBK |
||
| 999 |
_c5499 _d5499 |
||